00690nam a2200229Ia 4500003000400000005001700004008004100021020000700062040000700069082001500076100001700091245006200108250000700170260004800177300003300225500000700258600003300265650002400298942001200322952010900334999001700443OSt20241007083927.0240925s9999 xx 000 0 und d aNA csd a796.44 MOY aMoyes ,A. G. 0aAustralian Batsmen: from Charles bannerman to Neil Harvey aNA aLondon:bGeorge G. Harrap & Co. ltdc,1954. aVarious pagesbN.AfOriginal aNA aHumanities & Natural Science aArts and Recreation cBK2ddc 001040708HUMaUITUbUITUd2013-01-02eGiftl0o796.44 MOYpQ9612r2024-09-25 07:15:23w2024-09-25yBK c12111d12111